Culture Générale - Série 2231 - Spéciale Cinéma - Statistiques

Statistiques générales
  • Ce quiz a été pris 637 fois
  • Le résultat moyen est 5 sur 10
Statistiques - réponses
Question Réponse % Correct
Dans "Le fabuleux destin d'Amélie Poulain" réalisé par Jean-Pierre Jeunet en 2001, qui est "Amélie Poulain" ? AudreyTautou
85%
Qui est "Le Grand Blond avec une chaussure noire" dans le film du même nom réalisé par Yves Robert en 1972 ? Pierre Richard
80%
Qui est "Le samourai" dans le film du même nom réalisé par Jean-Pierre Melville en 1967 ? Alain Delon
68%
Qui est "Un drôle de paroissien" dans le film du même nom réalisé par Jean-Pierre Mocky en 1963 ? Bourvil
58%
Qui est "Casque d'or" dans le film du même nom réalisé par Jacques Becker en 1952 ? Simone Signoret
49%
Qui est "Alexandre le Bienheureux" dans le film du même nom réalisé par Yves Robert en 1968 ? Philippe Noiret
47%
Qui est "Nikita" dans le film du même nom réalisé par Luc Besson en 1990 ? Anne Parillaud
45%
Qui est "Lawrence d'Arabie" dans le film du même nom réalisé par David Lean en 1963 ? Peter O'Toole
40%
Qui est "le cerveau" dans le film du même nom réalisé par Gérard Oury en 1969 ? David Niven
32%
Qui est "Le rapace" dans le film du même nom de José Giovanni réalisé en 1968 ? Lino Ventura
30%
Aucun quiz correspondant
Distribution des résultats
% des personnes avec chaque résultat
Percentile par nombre de réponses
Votre historique - résultats
Vous n’avez pas pris ce quiz